000 00585cam a2200145 4500500
005 20251012044448.0
041 _afre
042 _adc
100 1 0 _aCourtemanche, Hadrien
_eauthor
245 0 0 _aD’un volume l’autre : présence(s) et portrait(s) de Péguy dans les grandes anthologies poétiques du XXe siècle
260 _c2025.
500 _a77
786 0 _nBulletin de l’Amitié Charles Péguy | 183-184 | 3 | 2025-02-21 | p. 389-399 | 0180-8567
856 4 1 _uhttps://shs.cairn.info/bulletin-de-l-amitie-charles-peguy-2024-3-page-389?lang=fr&redirect-ssocas=7080
999 _c1549142
_d1549142